| 000 | 01936cam a22001934a 4500 | ||
|---|---|---|---|
| 005 | 20250605164341.0 | ||
| 008 | 250528s ||||||||||||||||||||||||d | ||
| 035 | _a23611 | ||
| 040 |
_aGR-AtMCL _bgre _dGR-AtMCL _eAACR2 |
||
| 245 | 1 | _aΠιθανή Επίδραση, Ευκαιρίες και Κίνδυνοι της Υιοθέτησης και Ανάπτυξης του Internet of Things στις Εταιρείες Πληροφορικής στην Ελλάδα | |
| 260 | _c2016 | ||
| 300 | _a118 | ||
| 520 | _aΕισαγωγή, Βιβλιογραφική Ανασκόπηση, Τα Trends και οι Τεχνολογίες που Αλλάζουν τον Κόσμο και Επηρεάζουν την Παγκόσμια Οικονομία, Το Internet of Things (IoT) και το συμβαίνει Παγκοσμίως και Ειδικότερα στην Ευρώπη, Τεχνολογικές Αλλαγές που Ευνοούν την Ανάπτυξη του IoT, Internet of Things και ο Οικονομικός Αντίκτυπος στην Βιομηχανία, Internet of Things και Προκλήσεις που πρέπει να Αντιμετωπιστούν, Παραδείγματα και Εφαρμογές IoT, Ασφάλεια και Ιδιωτικότητα και Εμπιστοσύνη, Οφέλη και Πιθανοί Κίνδυνοι, Internet of Things στην Ελλάδα, Σχεδιασμός Έρευνας και Μεθοδολογίας, Ευρήματα και Αποτελέσματα και Εφαρμογή και Ανάλυση Αποτελεσμάτων, Συμπεράσματα και Προτάσεις, Προσωπικός Αναστοχασμός, Αναφορές, Παραρτήματα. | ||
| 700 | 1 |
_aΔιακοδημήτρης Γεώργιος _99200 |
|
| 700 | 1 |
_aΛουκοπούλου Αποστολία _99195 |
|
| 942 | _cDS | ||
| 999 |
_c8611 _d8611 |
||